| 000 | 04190ngm a2200493 4500 | ||
|---|---|---|---|
| 001 | DVD-007967-975 | ||
| 003 | dpl | ||
| 005 | 2011081903563.0 | ||
| 006 | a|||||r|||||00| 0 | ||
| 007 | sd ammgzaaahaa | ||
| 008 | ||||||sp199 xxu|||||c ||| 00| 0 engd | ||
| 010 | _aDVD-007967-975 | ||
| 024 |
_a5099962877329 _c595.00 |
||
| 035 | _aDVD-007967-975 | ||
| 037 | _bPioneers Office Automation | ||
| 040 |
_aDPL _cDPL |
||
| 082 | _aDVD / FIFT | ||
| 245 |
_aFifty (50) greatest songs of Indian cinema / _cProduced by Kedar Pandit _hAudio CD |
||
| 260 |
_bFuturistic Concepts Media _aMumbai |
||
| 300 |
_a4 videodisc DVD;(93:29:18 Min) _bsd., col. ; _c4 3/4 in. _fAudio CD |
||
| 306 | _a93:29:18 Min | ||
| 500 | _a4 (Two) pre-recorded DVDs | ||
| 500 | _aDissc 1- Awaara Hoon, Mera Joota Hai Japani, Aaiya Meherbaan, Aaja Re Pardesi, Kisi Ki Muskurahaton Pe, Chaudhvin Ka Chand Ho, Ajeeb Daastan, Khoya Khoya Chand, Ehsaan Tera Hoga, Main Zindagi Ka Saath, lag ja Gale, Deewana Hua Baadal, Chahoonga Main Tujhe | ||
| 500 | _aDisc 2- Jaaiye Aap Kahan, Yeh Samaa, Tere Mere Sapne, Mera Saaya, O Mere Soan Re, Baharon Phool Barsao, Raat Akeli Hai, Chandan Sa Badan, Aao Huzoor Tumko, Kaun Hai Jo Sapnon Mein Aaya, Tum Bin Jaoon Kahan, Parde Mein Rehne Do | ||
| 500 | _aDisc 3- Zindagi Ka Safar, Yeh Shaam Mastani, Jeena Yahan Maran Yahan, Chingari Koi Bhadke, Kahin Door Job Din Dhal Jaaye, Raina Beeti Jaaye, Chala Jaata Hoon, O Mere Dil Ke Chain, Jaanejaan Dhoondta, Churaliya Hai Tumne, Pal Pal Dil Ke Pass, Tum Jo Mil Gaye Ho, Dum Maro Dum | ||
| 500 | _aDisc 4- Baahon Mein Chale Aao, Ik Din Bik Jaayega, Tere Bin Zindagi Se, Kabhi Kabhie Mere Dil Mein, Main Pal Do Pal ka Shayar, Dekha Ek Khwab, Chhookar Mere Man Ko, In Aankhon Ki Masti, Humein Tumse Pyar Kitna, Yaara Seeli Seeli | ||
| 500 | _aAn instrumental tribute | ||
| 650 |
_aMotion Picture _933049 |
||
| 700 |
_aPandit, Kedar _933251 |
||
| 700 |
_aParanjpe, Kedar _933252 |
||
| 700 |
_aPandit Ulhas Bapat _933253 |
||
| 700 |
_aShukla, Umashankar _933254 |
||
| 942 |
_cCF _2ddc _hDVD _mFIFT |
||
| 999 |
_c55741 _d55741 |
||